Nuevas propuestas lúdicas para el desarrollo curricular de educación física : juegos con material alternativo, juegos predeportivos y juegos multiculturales /

Bibliographic Details
Main Author: Méndez Giménez, Antonio (Author, Illustrator)
Format: Electronic eBook
Language:Spanish
Published: Barcelona : Paidotribo, [2018]
Edition:Primera edición.
Subjects:
Online Access:Digitalia Hispánica

MARC

LEADER 00000nam a2200000Ii 4500
001 DIGEDPBR0238
003 NyNyDIG
006 m o d
007 cr |||||||||||
008 260105s2018 sp ob 000 0 spa d
035 |a (OCoLC)1570096430 
040 |a DGITA  |b eng  |e rda  |e pn  |c DGITA 
020 |a 9788499108018  |q ePub 
020 |z 9788480196994 
050 1 4 |a GV341 ebook 
100 1 |a Méndez Giménez, Antonio,  |e author. 
245 1 0 |a Nuevas propuestas lúdicas para el desarrollo curricular de educación física :  |b juegos con material alternativo, juegos predeportivos y juegos multiculturales /  |c Antonio Méndez Giménez ; ilustraciones, Antonio Méndez Giménez. 
250 |a Primera edición. 
264 1 |a Barcelona :  |b Paidotribo,  |c [2018] 
300 |a 1 online resource. 
336 |a text  |b txt  |2 rdacontent 
337 |a computer  |b c  |2 rdamedia 
338 |a online resource  |b cr  |2 rdacarrier 
347 |a text file  |2 rdaft 
347 |b EPUB 
504 |a Includes bibliographical references. 
588 0 |a Online resource; title from ePub title page (Digitalia, viewed January 5, 2026) 
650 0 |a Physical education and training  |x Study and teaching. 
650 0 |a Group games. 
700 1 |a Méndez Giménez, Antonio,  |e illustrator. 
791 2 |a Digitalia (Firm),  |e distributor. 
793 0 |g Digitalia eBook Collection:  |a Editorial Paidotribo 
776 0 8 |i Print version:  |a Méndez Giménez, Antonio.  |t Nuevas propuestas lúdicas para el desarrollo curricular de educación física.  |b Primera edición, 4a reimpresión.  |d Barcelona : Paidotribo, [2018]  |z 9788480196994 
856 4 0 |3 Digitalia Hispánica  |u https://www.digitaliapublishing.com/a/159887/ 
910 |a Premium collection: 2026